| Поле | Инд. | ПП | Название | Значение |
|---|---|---|---|---|
| Тип записи | a | |||
| Библиографический уровень | a | |||
| 001 | Контрольный номер | 95175f61cd5f422082ff9bc6306a2d70 | ||
| 005 | Дата корректировки | 20170316130622.4 | ||
| 020 | a | ISBN | 5-02-008878-1 | |
| 040 | a | Служба первич. каталог. | НБ ТвГУ | |
| b | Код языка каталог. | rus | ||
| e | Правила каталог. | PSBO | ||
| 041 | 0_ | a | Код языка текста | rus |
| 097 | b | Оператор | novikova | |
| 100 | 1_ | a | Автор | Щеглов Андрей Джолинардович |
| q | Полное имя | Щеглов А. Д. | ||
| 245 | 10 | a | Заглавие | Рецензия на книгу "Шведы в Москве". Материалы российско-шведской научной конференции. М.: РГГУ, 2002. 287 с. |
| 260 | a | Место издания | Москва | |
| b | Издательство | Наука | ||
| 500 | a | Примечание | Рецензия на кн.: "Шведы в Москве". Материалы российско-шведской научной конференции. М.: РГГУ, 2002. 287 с. | |
| 504 | a | Библиография | Библиогр.: с. 335 (5 назв.) | |
| 520 | 0_ | a | Аннотация | Долгое время в поле зрения историков, интересующихся судьбами шведов в России и ближнем зарубежье, находился преимущественно северо-запад бывшего СССР. Книга, изданная по итогам российско-шведской научной конференции, содержит материалы, представленные отечественными и шведскими авторами. |
| 653 | 0_ | a | Ключевые слова | Шведы в Москве, книга |
| a | Ключевые слова | Российско-шведская научная конференция | ||
| a | Ключевые слова | Россия, страна | ||
| a | Ключевые слова | Швеция, страна | ||
| a | Ключевые слова | Шведско-российские отношения | ||
| 773 | 18 | w | Контрольный № источника | RU/IS/BASE/318428008 |
| t | Название источника | Северная Европа | ||
| d | Место и дата издания | Москва : Наука, 2003 | ||
| g | Прочая информация | Вып. 4. - С. 331-335 | ||
| 901 | t | Тип документа | a | |
| 920 | a | Оператор | Нови |